<?xml version="1.0" encoding="UTF-8"?>
<record
    xmlns:xsi="http://www.w3.org/2001/XMLSchema-instance"
    xsi:schemaLocation="http://www.loc.gov/MARC21/slim http://www.loc.gov/standards/marcxml/schema/MARC21slim.xsd"
    xmlns="http://www.loc.gov/MARC21/slim">

  <leader>00871nam a22002057a 4500</leader>
  <controlfield tag="005">20150408114138.0</controlfield>
  <controlfield tag="008">130820s    2011ksaa   | |||| 00| 0 ara d</controlfield>
  <datafield tag="040" ind1=" " ind2=" ">
    <subfield code="a">ma-un</subfield>
  </datafield>
  <datafield tag="082" ind1=" " ind2=" ">
    <subfield code="2">21</subfield>
    <subfield code="a">510</subfield>
    <subfield code="b">&#x633; &#x639; &#x631;</subfield>
  </datafield>
  <datafield tag="245" ind1=" " ind2=" ">
    <subfield code="a">&#x631;&#x64A;&#x627;&#x636;&#x64A;&#x627;&#x62A; &#x627;&#x644;&#x623;&#x644;&#x645;&#x628;&#x64A;&#x627;&#x62F; &#x646;&#x638;&#x631;&#x64A;&#x629; &#x627;&#x644;&#x623;&#x639;&#x62F;&#x627;&#x62F; :</subfield>
    <subfield code="b">&#x627;&#x644;&#x62C;&#x632;&#x621; &#x627;&#x644;&#x623;&#x648;&#x644; /</subfield>
    <subfield code="c">&#x645;&#x639;&#x631;&#x648;&#x641; &#x639;&#x628;&#x62F;&#x627;&#x644;&#x631;&#x62D;&#x645;&#x646; &#x633;&#x645;&#x62D;&#x627;&#x646; &#x60C; &#x62F;&#x648;&#x631;&#x64A;&#x646; &#x623;&#x646;&#x62F;&#x631;&#x64A;&#x643;&#x627; &#x60C; &#x641;&#x648;&#x632;&#x64A; &#x623;&#x62D;&#x645;&#x62F; &#x627;&#x644;&#x630;&#x643;&#x64A;&#x631;</subfield>
  </datafield>
  <datafield tag="260" ind1=" " ind2=" ">
    <subfield code="a">&#x627;&#x644;&#x631;&#x64A;&#x627;&#x636; :</subfield>
    <subfield code="b">&#x62F;&#x627;&#x631; &#x627;&#x644;&#x62E;&#x631;&#x64A;&#x62C;&#x64A; &#x61B;</subfield>
    <subfield code="c">2011</subfield>
  </datafield>
  <datafield tag="300" ind1=" " ind2=" ">
    <subfield code="a">400 &#x635; :</subfield>
    <subfield code="b">&#x627;&#x64A;&#x636; &#x61B;</subfield>
    <subfield code="c">24 &#x633;&#x645;</subfield>
  </datafield>
  <datafield tag="100" ind1=" " ind2=" ">
    <subfield code="a">&#x633;&#x645;&#x62D;&#x627;&#x646; &#x60C; &#x645;&#x639;&#x631;&#x641; &#x639;&#x628;&#x62F;&#x627;&#x644;&#x631;&#x62D;&#x645;&#x646;</subfield>
    <subfield code="9">36674</subfield>
  </datafield>
  <datafield tag="650" ind1=" " ind2=" ">
    <subfield code="9">1818</subfield>
    <subfield code="a">&#x627;&#x644;&#x623;&#x639;&#x62F;&#x627;&#x62F; (&#x646;&#x638;&#x631;&#x64A;&#x629;)</subfield>
  </datafield>
  <datafield tag="650" ind1=" " ind2=" ">
    <subfield code="9">17478</subfield>
    <subfield code="a">&#x627;&#x644;&#x623;&#x639;&#x62F;&#x627;&#x62F; &#x627;&#x644;&#x62C;&#x628;&#x631;&#x64A;&#x629;</subfield>
  </datafield>
  <datafield tag="650" ind1=" " ind2=" ">
    <subfield code="9">1837</subfield>
    <subfield code="a">&#x627;&#x644;&#x645;&#x639;&#x627;&#x62F;&#x644;&#x627;&#x62A; &#x627;&#x644;&#x631;&#x64A;&#x627;&#x636;&#x64A;&#x629;</subfield>
  </datafield>
  <datafield tag="700" ind1=" " ind2=" ">
    <subfield code="a">&#x623;&#x646;&#x62F;&#x631;&#x64A;&#x643;&#x627; &#x60C; &#x62F;&#x648;&#x631;&#x64A;&#x646;</subfield>
    <subfield code="9">36675</subfield>
  </datafield>
  <datafield tag="700" ind1=" " ind2=" ">
    <subfield code="a">&#x627;&#x644;&#x630;&#x643;&#x64A;&#x631; &#x60C; &#x641;&#x648;&#x632;&#x64A; &#x623;&#x62D;&#x645;&#x62F;</subfield>
    <subfield code="9">36676</subfield>
  </datafield>
  <datafield tag="942" ind1=" " ind2=" ">
    <subfield code="2">ddc</subfield>
    <subfield code="c">BOOK</subfield>
  </datafield>
  <datafield tag="999" ind1=" " ind2=" ">
    <subfield code="c">30563</subfield>
    <subfield code="d">265063</subfield>
  </datafield>
  <datafield tag="952" ind1=" " ind2=" ">
    <subfield code="1">0</subfield>
    <subfield code="2">2013-08-20</subfield>
    <subfield code="4">0</subfield>
    <subfield code="7">0</subfield>
    <subfield code="a">510 &#x633; &#x639; &#x631;</subfield>
    <subfield code="d">2013-08-20</subfield>
    <subfield code="h">CL</subfield>
    <subfield code="i">00500943</subfield>
    <subfield code="m">CL</subfield>
    <subfield code="r">2013-08-20 00:00:00</subfield>
    <subfield code="t">BOOK</subfield>
    <subfield code="w">ddc</subfield>
    <subfield code="y">0</subfield>
  </datafield>
  <datafield tag="952" ind1=" " ind2=" ">
    <subfield code="1">0</subfield>
    <subfield code="2">2013-08-20</subfield>
    <subfield code="4">0</subfield>
    <subfield code="7">0</subfield>
    <subfield code="a">510 &#x633; &#x639; &#x631;</subfield>
    <subfield code="d">2013-08-20</subfield>
    <subfield code="h">CL</subfield>
    <subfield code="i">00500944</subfield>
    <subfield code="m">CL</subfield>
    <subfield code="r">2013-08-20 00:00:00</subfield>
    <subfield code="t">BOOK</subfield>
    <subfield code="w">ddc</subfield>
    <subfield code="y">0</subfield>
  </datafield>
</record>
